| 000 | 00951 a2200205 4500 | ||
|---|---|---|---|
| 003 | Nust | ||
| 005 | 20221006134007.0 | ||
| 010 | _a 99168123 | ||
| 020 | _a9812140166 | ||
| 035 | _a(OCoLC)40411833 | ||
| 040 | _cNust | ||
| 082 | 0 | 0 | _a005.43,BRO |
| 100 | 1 |
_aBrown, Margaret. _999303 |
|
| 245 | 1 | 0 |
_aLearning Microsoft Windows 98 / _cMargaret Brown. |
| 260 |
_aNew York : _bDDC Pub., _cc1998. |
||
| 300 |
_aviii, 304 ,p. : _bill. ; _c29 cm. + _e1 computer laser optical disc (4 3/4 in.) |
||
| 505 | _aWindows Basics (Page-1), Programs And Dialog Boxes (Page-27),The Taskbar (Page-47), Folder Windows (Page-65), More Folder Windows (Page-91), The Desktop (Page-113), More Desktop (Page-137), Windows Explorer (Page-161), More Windows Explorer (Page-183), Finding Files (Page-199), Other Features (Page-223), Internet Explorer (Page-245), More Internet Explorer (Page-269). | ||
| 650 | 0 | _aOperating systems (Computers) | |
| 942 |
_2ddc _cBK _k005.43,BRO |
||
| 999 |
_c180521 _d180521 |
||